Law and social transformation in India (Record no. 114058)

MARC details
000 -LEADER
fixed length control field 00522 a2200193 4500
005 - DATE AND TIME OF LATEST TRANSACTION
control field 20250714114932.0
008 - FIXED-LENGTH DATA ELEMENTS--GENERAL INFORMATION
fixed length control field 250425b |||||||| |||| 00| 0 eng d
020 ## - INTERNATIONAL STANDARD BOOK NUMBER
International Standard Book Number 9789390715909
080 ## - UNIVERSAL DECIMAL CLASSIFICATION NUMBER
Universal Decimal Classification number 34+316.422(54)
Item number ISH/L
100 ## - MAIN ENTRY--PERSONAL NAME
Personal name Ishwara Bhat, P.
245 ## - TITLE STATEMENT
Title Law and social transformation in India
250 ## - EDITION STATEMENT
Edition statement 2nd ed.
260 ## - PUBLICATION, DISTRIBUTION, ETC. (IMPRINT)
Name of publisher, distributor, etc EBC
Place of publication, distribution, etc Lucknow
Date of publication, distribution, etc 2022
300 ## - PHYSICAL DESCRIPTION
Extent LXXX,983p.
653 ## - INDEX TERM--UNCONTROLLED
Uncontrolled term Social legislation -- India
653 ## - INDEX TERM--UNCONTROLLED
Uncontrolled term Civil rights -- India
653 ## - INDEX TERM--UNCONTROLLED
Uncontrolled term Social change -- India
942 ## - ADDED ENTRY ELEMENTS (KOHA)
item type Books
Holdings
Lost status Source of classification or shelving scheme Not for loan Home library Current library Date acquired Cost, normal purchase price Total Checkouts Full call number Barcode Date last seen Cost, replacement price Price effective from Koha item type
  Universal Decimal Classification   University Library University Library 07/01/2025 1196.00   34+316.422(540) ISH/L 00096387 07/01/2025 1495.00 07/01/2025 Books
University Library, CUSAT